|
|
|
|
| LEADER |
00923nam a2200253 a 4500 |
| 001 |
1025837 |
| 008 |
101110s2000 at a 001 0 eng d |
| 020 |
|
|
|a 1864700335
|
| 040 |
|
|
|a BNB
|c BD-DhAAL
|
| 082 |
0 |
4 |
|a 727
|2 21
|
| 245 |
1 |
0 |
|a Educational spaces :
|b a pictorial review.
|n Volume 2.
|
| 246 |
1 |
0 |
|a Pictorial review
|
| 260 |
|
|
|a Mulgrave, Vic. :
|b Images Publishing Group,
|c 2000.
|
| 300 |
|
|
|a 212 p. :
|b chiefly col. ill., plans ;
|c 31 cm.
|
| 362 |
0 |
|
|a Vol.2
|
| 500 |
|
|
|a Includes index.
|
| 541 |
1 |
|
|e 00013770
|
| 650 |
|
0 |
|a Interior architecture.
|
| 650 |
|
0 |
|a School buildings
|x Designs and plans.
|
| 650 |
|
0 |
|a College buildings
|x Designs and plans.
|
| 650 |
|
0 |
|a Library buildings
|x Designs and plans.
|
| 650 |
|
0 |
|a Public buildings
|x Designs and plans.
|
| 999 |
|
|
|c 10064
|d 10064
|
| 952 |
|
|
|0 0
|1 0
|2 ddc
|4 0
|6 727_EDU
|7 0
|9 13238
|a BRACUL
|b BRACUL
|c GEN
|d 2010-11-11
|l 19
|m 69
|o 727 EDU
|p 3010013770
|r 2025-12-18
|s 2025-12-01
|t 1
|w 2010-11-11
|y BK
|